Estadísticas para 15 principales países afectados por Covid19 - 24 de noviembre 2021

Haz click aquí para intentar la prueba.

Estadísticas generales

  • Esta prueba ha sido intentada 8 veces
  • La puntuación promedio es 16 de 28

Estadísticas de respuestas

país% Correcto
Estados Unidos
100%
Brasil
88%
Francia
88%
Italia
88%
México
88%
Rusia
88%
Alemania
75%
Argentina
75%
Colombia
75%
España
75%
India
75%
Reino Unido
75%
Turquía
75%
Irán
63%
Países Bajos
63%
Bélgica
50%
Suecia
50%
Chequia
38%
Baréin
25%
Croacia
25%
Estonia
25%
Indonesia
25%
Israel
25%
Letonia
25%
Lituania
25%
Serbia
25%
Eslovenia
13%
Georgia
13%

Distribución de puntuación

Porcentaje por número respondido

Porcentaje de gente con cada puntuación

Historial de tus puntuaciones

No has intentado esta prueba.